000 00596nam a2200205Ia 4500
005 20230803115430.0
008 131103s9999 xx 000 0 und d
020 _aSBN 192151843
040 _aLoreto College
041 _aEnglish
082 _a920
_bNAP-LEA
100 _aLean,E.Tangye
245 4 _aThe Napoleonists
_b a study in political disaffection 1760 - 1960
_cE.Tangye Lean
260 _aLondon
_bOxford University Press
_c1970
300 _axiv,402 p.
_b ill.
504 _aIncludes bibliographical references and index
650 _aBiography
850 _aLCLIB
942 _cBK
999 _c12325
_d62804